Personnalités en Gros Plan #2 - Statistiques

Statistiques générales
  • Ce quiz a été pris 207 fois
  • Le résultat moyen est 11 sur 16
Statistiques - réponses
Par images Réponse % Correct
Emmanuel Macron
99%
Gérard Depardieu
93%
Gims
93%
Squeezie
91%
Jean-Luc Mélenchon
88%
Dwayne Johnson
86%
Ramzy Bedia
82%
Jean Reno
75%
Jordan Bardella
75%
Gandhi
71%
Johnny Haliday
68%
Novak Djokovic
51%
George Walker Bush
33%
Xi Jinping
32%
Benito Mussolini
18%
Bachar Al-Assad
11%
Aucun quiz correspondant
Distribution des résultats
% des personnes avec chaque résultat
Percentile par nombre de réponses
Votre historique - résultats
Vous n’avez pas pris ce quiz